Biggest Australian Cities A-Z - Statistics

General Stats
  • This quiz has been taken 120 times
  • The average score is 11 of 26
Answer Stats
Letter City % Correct
A Adelaide
96%
M Melbourne
93%
S Sydney
93%
B Brisbane
92%
C Canberra
92%
P Perth
89%
D Darwin
86%
H Hobart
76%
G Gold Coast
67%
N Newcastle
59%
T Townsville
58%
W Wollongong
51%
L Launceston
41%
R Rockhampton
34%
O Orange
22%
K Kalgoorlie
21%
Q Queanbeyan
16%
F Frankston
6%
J Joondalup
3%
U Ulverstone
3%
X Xantippe
1%
Y Yarraville
1%
Z Zillmere
1%
E Epping
0%
I Ingleburn
0%
V Victoria Point
0%
No matching quizzes found
Score Distribution
Percent of People with Each Score
Percentile by Number Answered
Your Score History
You have not taken this quiz